[Event "Open de la Loire 2012-2013"]
[Site "Loire"]
[Date "2012.10.20"]
[Round "1.1"]
[White "Legendre, Julien"]
[Black "Bastien, Daniel"]
[Result "1/2-1/2"]
[WhiteElo "1499"]
[BlackElo "1690"]
[PlyCount "52"]

1. d4 d6 2. c3 g6 3. e3 Bg7 4. f4 Nf6 5. Nf3 O-O 6. Bd3 c6 7. O-O d5 8. Nbd2
Bg4 9. h3 Bxf3 10. Qxf3 Nbd7 11. e4 dxe4 12. Bxe4 Nb6 13. f5 Nxe4 14. Qxe4 Nd5
15. fxg6 hxg6 16. Nf3 Nf6 17. Qh4 Qd5 18. Ng5 Rfe8 19. Nf3 Qh5 20. Qxh5 Nxh5
21. g4 Nf6 22. Ne5 Rf8 23. Bf4 Rad8 24. Rae1 Nd5 25. Bd2 Bxe5 26. Rxe5 e6
1/2-1/2

[Event "Open de la Loire 2012-2013"]
[Site "Loire"]
[Date "2012.10.20"]
[Round "1.2"]
[White "Joly, Christian"]
[Black "Schuhmann, Alain"]
[Result "1/2-1/2"]
[WhiteElo "1690"]
[BlackElo "1499"]
[PlyCount "69"]

1. d4 d5 2. Nf3 Nf6 3. e3 Bg4 4. c4 Bxf3 5. Qxf3 e6 6. a3 Be7 7. Bd3 O-O 8. b3
Nbd7 9. Bb2 c6 10. O-O Bd6 11. Nd2 e5 12. e4 exd4 13. Bxd4 Be5 14. Bxe5 Nxe5
15. Qe2 Nxd3 16. Qxd3 dxe4 17. Qe2 Re8 18. Rad1 Qe7 19. b4 e3 20. Rfe1 exf2+
21. Qxf2 Qc7 22. Rxe8+ Nxe8 23. Ne4 b6 24. Qh4 f6 25. Qg4 Rd8 26. Qe6+ Kf8 27.
Rxd8 Qxd8 28. Qxc6 Qd4+ 29. Kf1 Qa1+ 30. Ke2 Qxa3 31. Nd6 Nxd6 32. Qxd6+ Kf7
33. Qd7+ Kg6 34. Qg4+ Kf7 35. Qd7+ 1/2-1/2

[Event "Open de la Loire 2012-2013"]
[Site "Loire"]
[Date "2012.10.20"]
[Round "1.3"]
[White "Megnot, Philippe"]
[Black "Rann, Raphael"]
[Result "1-0"]
[WhiteElo "1480"]
[BlackElo "1660"]
[PlyCount "123"]

1. g3 d5 2. Bg2 Nf6 3. Nf3 e6 4. d3 c5 5. O-O Nc6 6. c3 Be7 7. Re1 O-O 8. Nbd2
e5 9. e4 dxe4 10. Nxe4 Nxe4 11. dxe4 Bg4 12. Qb3 Qc7 13. Bg5 Be6 14. Qc2 f6 15.
Be3 b6 16. Rad1 Rad8 17. b3 Bd6 18. Nh4 Rd7 19. Qe2 Rfd8 20. Qh5 Ne7 21. Bf1 c4
22. b4 Bf7 23. Qg4 Ng6 24. Nf5 Bf8 25. Rxd7 Rxd7 26. h4 Be6 27. h5 Bxf5 28.
Qxf5 Ne7 29. Qe6+ Kh8 30. Qf7 Ng6 31. Qe6 Rd6 32. Qg4 Ne7 33. a4 a6 34. f4 Nc6
35. a5 b5 36. Bc5 Rd8 37. Bxf8 Rxf8 38. Rd1 Rd8 39. Rxd8+ Qxd8 40. h6 gxh6 41.
Qe6 Nb8 42. fxe5 fxe5 43. Qxe5+ Kg8 44. Qd5+ Qxd5 45. exd5 Kf8 46. Bh3 Ke7 47.
Kf2 Kd6 48. Be6 Nd7 49. Bxd7 Kxd7 50. Ke3 Kd6 51. Ke4 h5 52. Kd4 h6 53. Ke4 h4
54. gxh4 h5 55. Kd4 Kd7 56. Ke5 Ke7 57. d6+ Kd7 58. Kd5 Kd8 59. Kc6 Kc8 60. Kb6
Kd7 61. Kxa6 Kxd6 62. Kxb5 1-0

[Event "Open de la Loire 2012-2013"]
[Site "Loire"]
[Date "2012.10.20"]
[Round "1.5"]
[White "Martin, Julien"]
[Black "Minchilli, Franco"]
[Result "0-1"]
[WhiteElo "1460"]
[BlackElo "1650"]
[PlyCount "42"]

1. e4 e5 2. Nf3 Nc6 3. Nc3 Nf6 4. Bb5 d6 5. d4 exd4 6. Nxd4 Bd7 7. O-O Be7 8.
Nxc6 bxc6 9. Bd3 Ng4 10. Bf4 Bg5 11. Bg3 O-O 12. Be2 Qc8 13. b4 Bf6 14. Qd2 Re8
15. Bf3 Ne5 16. Bxe5 Bxe5 17. g3 Bh3 18. Bg2 Bxg2 19. Kxg2 Qa6 20. Rab1 Qc4 21.
Qe2 Qxc3 0-1

[Event "Open de la Loire 2012-2013"]
[Site "Loire"]
[Date "2012.10.20"]
[Round "1.7"]
[White "Campoy, Juan"]
[Black "Piper, Stephane"]
[Result "1-0"]
[WhiteElo "1430"]
[BlackElo "1636"]
[PlyCount "70"]

1. e4 c5 2. Nf3 Nc6 3. d3 g6 4. Nc3 Bg7 5. Bd2 e6 6. Be2 Nge7 7. Rb1 O-O 8. O-O
a6 9. a3 b5 10. Be3 d6 11. d4 cxd4 12. Nxd4 Bb7 13. Bf3 Ne5 14. g3 Nxf3+ 15.
Qxf3 d5 16. Qe2 dxe4 17. Rbd1 Qc7 18. Na2 Nf5 19. Nxf5 exf5 20. c3 Rad8 21. Nb4
a5 22. Nc2 Qc4 23. Qxc4 bxc4 24. Bb6 Rd3 25. Rxd3 cxd3 26. Ne3 a4 27. Rd1 Rb8
28. Ba5 Bc8 29. Bb4 Be6 30. Rd2 Bh6 31. h3 f4 32. gxf4 Bxf4 33. Kg2 Bg5 34. f3
Kg7 35. Bc5 Kh6 1-0

[Event "Open de la Loire 2012-2013"]
[Site "Loire"]
[Date "2012.10.20"]
[Round "1.8"]
[White "Liogier, Pascal"]
[Black "Trottet, Francois"]
[Result "1/2-1/2"]
[WhiteElo "1630"]
[BlackElo "1430"]
[PlyCount "66"]

1. d4 Nf6 2. Nf3 g6 3. Bf4 d6 4. h3 Bg7 5. e3 a6 6. Nbd2 O-O 7. Bd3 Nbd7 8. c3
c5 9. O-O b5 10. Rc1 Bb7 11. Nh2 Nh5 12. Bg5 c4 13. Bb1 Bf6 14. g4 Ng7 15. Bh6
e5 16. Ne4 Bxe4 17. Bxe4 Rb8 18. d5 Bg5 19. Bxg5 Qxg5 20. Nf3 Qh6 21. Kg2 g5
22. Rh1 Nc5 23. Bb1 e4 24. Nd4 Nd3 25. Qe2 Nxc1 26. Rxc1 f5 27. gxf5 Nxf5 28.
Nxf5 Rxf5 29. Bxe4 Re5 30. Qg4 Rbe8 31. Rh1 R5e7 32. Bc2 Rg7 33. Bf5 Qh4
1/2-1/2

[Event "Open de la Loire 2012-2013"]
[Site "Loire"]
[Date "2012.10.20"]
[Round "1.9"]
[White "Acikgoz, Tuncay"]
[Black "Rasle, Jean-Michel"]
[Result "0-1"]
[WhiteElo "1420"]
[BlackElo "1620"]
[PlyCount "124"]

1. d4 Nf6 2. Nf3 g6 3. g3 Bg7 4. Bg2 d5 5. O-O O-O 6. Bf4 Nc6 7. c3 Bf5 8. Nbd2
a6 9. Nh4 e6 10. Nxf5 exf5 11. e3 Re8 12. c4 Rb8 13. cxd5 Nxd5 14. Qb3 Nxf4 15.
gxf4 Ne7 16. Nf3 Qd5 17. Qxd5 Nxd5 18. Ne5 Nf6 19. Rac1 c6 20. a3 Ne4 21. Nd7
Rbc8 22. Nb6 Rcd8 23. Rfd1 h6 24. b4 g5 25. fxg5 hxg5 26. d5 cxd5 27. Rxd5 Rxd5
28. Nxd5 Rd8 29. Ne7+ Kf8 30. Nxf5 Nc3 31. Rc2 Rd1+ 32. Bf1 Be5 33. Nd4 Nb1 34.
Nf3 Bd6 35. Kg2 g4 36. Nd4 Nxa3 37. Rc8+ Ke7 38. Nf5+ Kd7 39. Nxd6 Rxd6 40. Rg8
f5 41. f3 gxf3+ 42. Kxf3 Nc2 43. Bh3 Nxb4 44. Bxf5+ Kc7 45. Rg7+ Kb6 46. Be4
Nc6 47. Bxc6 Kxc6 48. h4 a5 49. h5 a4 50. Rg1 Rd8 51. h6 Rh8 52. Ra1 b5 53. Kg4
Rxh6 54. e4 Rf6 55. Rc1+ Kd6 56. e5+ Kxe5 57. Rc5+ Ke4 58. Rxb5 Ra6 59. Rb4+
Kd3 60. Kf3 a3 61. Rb1 a2 62. Ra1 Kc2 0-1

[Event "Open de la Loire 2012-2013"]
[Site "Loire"]
[Date "2012.10.20"]
[Round "1.10"]
[White "Boeuf, Jeremy"]
[Black "Barrandon, Georges"]
[Result "1/2-1/2"]
[WhiteElo "1601"]
[BlackElo "1400"]
[PlyCount "94"]

1. e4 e5 2. f4 d5 3. d4 exd4 4. e5 Bc5 5. Nf3 Bg4 6. Be2 Bxf3 7. Bxf3 Ne7 8.
Qd3 O-O 9. c3 Nbc6 10. Bd2 Qd7 11. cxd4 Bxd4 12. Nc3 Bxc3 13. Bxc3 d4 14. O-O-O
Rad8 15. Be4 g6 16. h3 Nd5 17. Bd2 Ncb4 18. Qb3 c5 19. Bxd5 Qxd5 20. Qxd5 Nxd5
21. g3 b5 22. a3 Rd7 23. Kb1 c4 24. g4 d3 25. f5 Re7 26. Rde1 a5 27. e6 fxe6
28. Rxe6 Rxe6 29. fxe6 b4 30. axb4 Nxb4 31. e7 Re8 32. Re1 Nc6 33. Re4 Rxe7 34.
Rxc4 Nb4 35. Bxb4 axb4 36. Rxb4 d2 37. Rd4 Re1+ 38. Kc2 Rh1 39. Kxd2 Rxh3 40.
b4 Ra3 41. b5 Ra7 42. b6 Rb7 43. Rb4 Kf7 44. Ke3 Ke6 45. Kf4 h5 46. gxh5 gxh5
47. Kg5 Kd6 1/2-1/2

 49. Kg5 Kd6 1/2-1/2

[Event "Open de la Loire 2012-2013"]
[Site "Loire"]
[Date "2012.10.20"]
[Round "1.11"]
[White "Rogues, Jean-Luc"]
[Black "Desassis, Jean-Francois"]
[Result "1/2-1/2"]
[WhiteElo "1400"]
[BlackElo "1600"]
[PlyCount "93"]

1. d4 Nf6 2. c4 e5 3. e3 exd4 4. exd4 c5 5. d5 Be7 6. Bd3 d6 7. Ne2 O-O 8. O-O
Na6 9. a3 Bd7 10. Nbc3 Rb8 11. Qc2 Qa5 12. Bd2 Qc7 13. Rfe1 Qc8 14. Ng3 Re8 15.
Bf5 Nc7 16. a4 a6 17. Bxd7 Qxd7 18. Qf5 Qxf5 19. Nxf5 Bf8 20. Bg5 b5 21. Bxf6
gxf6 22. Rxe8 Rxe8 23. axb5 axb5 24. cxb5 Rb8 25. Ra5 h6 26. f3 Kh7 27. Kf2 Kg6
28. g4 Kg5 29. Kg3 h5 30. Ne4+ Kg6 31. Nfxd6 Nxd5 32. h4 hxg4 33. fxg4 Rb6 34.
Ra6 Rb8 35. Nxc5 Nc7 36. Nd7 Nxa6 37. Nxb8 Nxb8 38. Nc8 f5 39. Kf4 fxg4 40.
Kxg4 Bg7 41. b3 f5+ 42. Kg3 Be5+ 43. Kf3 Kh5 44. Ne7 f4 45. Nc6 Bd6 46. Nd4 Nd7
47. Ne6 1/2-1/2

[Event "Open de la Loire 2012-2013"]
[Site "Loire"]
[Date "2012.10.20"]
[Round "1.12"]
[White "Philip, Sylvain"]
[Black "Mialon, Franck"]
[Result "1-0"]
[WhiteElo "1599"]
[BlackElo "1390"]
[PlyCount "36"]

1. e4 e5 2. Nf3 Nc6 3. Bb5 a6 4. Ba4 d6 5. h3 Bd7 6. c3 Nf6 7. d3 Be7 8. Bg5 h6
9. Be3 Be6 10. Nbd2 Qd7 11. Qe2 d5 12. Nxe5 Qd6 13. Nxc6 bxc6 14. e5 Qd7 15.
exf6 Bxf6 16. Bc5 O-O-O 17. O-O-O Rde8 18. d4 Bg4 1-0

[Event "Open de la Loire 2012-2013"]
[Site "Loire"]
[Date "2012.10.20"]
[Round "1.13"]
[White "Grischy, Quentin"]
[Black "Pradel, Philippe"]
[Result "0-1"]
[WhiteElo "1370"]
[BlackElo "1590"]
[PlyCount "64"]

1. d4 Nf6 2. c4 c5 3. d5 d6 4. Nc3 e5 5. e4 Be7 6. h3 O-O 7. Nf3 Na6 8. a3 Nc7
9. g4 Bd7 10. Be3 Nfe8 11. Bg2 b5 12. Bf1 Rb8 13. Nxb5 Nxb5 14. cxb5 Bxb5 15.
Bxb5 Qa5+ 16. Qd2 Qxb5 17. Rb1 Nf6 18. Qc2 Rfc8 19. a4 Qa6 20. Rg1 Rb4 21. b3
Rxe4 22. g5 Rxe3+ 23. fxe3 Nxd5 24. Qd2 Qc6 25. Nh4 g6 26. Rc1 Rb8 27. Rb1 Nb4
28. Ng2 Bxg5 29. h4 Be7 30. Rc1 Qe4 31. Rc4 Qb1+ 32. Ke2 Qxg1 0-1

[Event "Open de la Loire 2012-2013"]
[Site "Loire"]
[Date "2012.10.20"]
[Round "1.14"]
[White "Allabrune, Guillaume"]
[Black "Brachet, Gerard"]
[Result "0-1"]
[WhiteElo "1560"]
[BlackElo "1350"]
[PlyCount "88"]

1. e4 e5 2. Nf3 Nc6 3. Bc4 Bc5 4. O-O d6 5. h3 Qf6 6. d3 h6 7. Nc3 Qg6 8. Nh4
Qf6 9. Nd5 Qd8 10. Qf3 Nd4 11. Qg3 Ne2+ 12. Kh1 Nxg3+ 13. fxg3 Ne7 14. Nxe7
Qxe7 15. Bxf7+ Qxf7 16. Rxf7 Kxf7 17. g4 g5 18. Nf5 Be6 19. Bd2 Raf8 20. Rf1
Kg6 21. b3 d5 22. Bc3 d4 23. Ba5 b6 24. Bd2 a5 25. Be1 Re8 26. Kg1 h5 27. Bg3
Bd7 28. Kf2 hxg4 29. hxg4 Bxf5 30. gxf5+ Kf6 31. Kf3 Reg8 32. Kg4 Bb4 33. Rd1
b5 34. a4 bxa4 35. bxa4 Rh6 36. Rb1 c5 37. Rd1 Rgh8 38. Bxe5+ Kxe5 39. Kxg5
Rh5+ 40. Kg6 R5h6+ 41. Kg7 c4 42. g4 R6h7+ 43. Kg6 Rh6+ 44. Kg5 Be7+ 0-1

0-1

[Event "Open de la Loire 2012-2013"]
[Site "Loire"]
[Date "2012.10.20"]
[Round "1.15"]
[White "Thizy, Nicolas"]
[Black "Boeuf, Jean-Julien"]
[Result "0-1"]
[WhiteElo "1330"]
[BlackElo "1560"]
[PlyCount "70"]

1. e4 Nf6 2. Nc3 d5 3. e5 d4 4. exf6 dxc3 5. bxc3 exf6 6. Nf3 Nc6 7. Bb5 Bd7 8.
O-O Be7 9. Re1 O-O 10. d4 a6 11. Ba4 b5 12. Bb3 Bg4 13. h3 Bh5 14. Qe2 Re8 15.
Bf4 Na5 16. Rad1 Nxb3 17. cxb3 Qd7 18. d5 Bd6 19. Qd2 Bxf3 20. gxf3 Qxh3 21.
Bxd6 cxd6 22. Qd4 Qxf3 23. Qb6 Qxc3 24. Rxe8+ Rxe8 25. Qxd6 a5 26. Qb6 Qc8 27.
Qxb5 g6 28. d6 Qg4+ 29. Kh2 Re5 30. Rd5 Qh5+ 31. Kg3 Rxd5 32. Qe8+ Kg7 33. d7
Rd1 34. Kg2 Qg4+ 35. Kh2 Rxd7 0-1

[Event "Open de la Loire 2012-2013"]
[Site "Loire"]
[Date "2012.10.20"]
[Round "1.16"]
[White "Fauvin, David"]
[Black "Daillere, Roland"]
[Result "1-0"]
[WhiteElo "1540"]
[BlackElo "1270"]
[PlyCount "55"]

1. c4 e5 2. Nc3 Nf6 3. g3 d5 4. cxd5 Nxd5 5. Bg2 Nxc3 6. bxc3 Bc5 7. Nf3 Nc6 8.
O-O O-O 9. e3 Bg4 10. Qc2 Qf6 11. Ne1 Rfe8 12. d4 Bd6 13. d5 Na5 14. Qa4 e4 15.
Qxa5 b6 16. Qb5 Qxc3 17. Bb2 Qd2 18. Qb3 Qe2 19. Qc2 Qb5 20. Rb1 Qxd5 21. Qb3
Qh5 22. Nc2 Re6 23. h4 Bf3 24. Bxf3 exf3 25. Nd4 Rg6 26. Qd1 Qxh4 27. Qxf3 Bxg3
28. Qxa8+ 1-0

[Event "Open de la Loire 2012-2013"]
[Site "Loire"]
[Date "2012.10.20"]
[Round "1.17"]
[White "Lempereur, Theo"]
[Black "Buisson, Sebastien"]
[Result "0-1"]
[WhiteElo "1250"]
[BlackElo "1530"]
[PlyCount "70"]

1. e4 c5 2. Nc3 Nc6 3. Bb5 Nd4 4. d3 g6 5. Nf3 Nxb5 6. Nxb5 Bg7 7. O-O d6 8.
Rb1 Nf6 9. c4 O-O 10. Bg5 a6 11. Nc3 Bg4 12. Nd5 Nxd5 13. exd5 Re8 14. Re1 b5
15. b3 Qd7 16. Rxe7 Rxe7 17. Bxe7 Qxe7 18. a4 b4 19. h3 Bxf3 20. Qxf3 Re8 21.
Rf1 Qe2 22. Qxe2 Rxe2 23. d4 Bxd4 24. a5 Rb2 25. g4 Rxb3 26. h4 Rc3 27. Re1 Kf8
28. Kf1 b3 29. f4 b2 30. Rb1 Rc1+ 31. Rxc1 bxc1=Q+ 32. Kg2 Qxf4 33. Kh3 Bg1 34.
Kg2 Qf2+ 35. Kh3 Qf3# 0-1

[Event "Open de la Loire 2012-2013"]
[Site "Loire"]
[Date "2012.10.20"]
[Round "1.18"]
[White "Peyssonneaux, Norbert"]
[Black "Choquelle, Jean"]
[Result "1-0"]
[WhiteElo "1530"]
[BlackElo "1230"]
[PlyCount "69"]

1. e4 e5 2. Nf3 Nc6 3. d4 Nf6 4. Bg5 Bd6 5. Bc4 O-O 6. O-O a6 7. Nc3 Qe7 8. Nd5
Qe6 9. Nxf6+ gxf6 10. Bxe6 fxe6 11. Bh6 Rf7 12. Re1 b5 13. Re3 Bb7 14. d5 Na5
15. c3 Nc4 16. Re2 Nb6 17. Rd2 Rc8 18. Qb3 Re8 19. Qd1 Rc8 20. b3 a5 21. Rc1 a4
22. c4 Bc5 23. cxb5 Bd6 24. bxa4 Ra8 25. h3 Rxa4 26. Re2 exd5 27. exd5 Bxd5 28.
Rd2 Bxf3 29. Qxf3 Rh4 30. Qg3+ Kh8 31. Qxh4 Nc8 32. Rxd6 c6 33. Rxf6 Kg8 34.
Qg4+ Kh8 35. Rxf7 1-0

[Event "Open de la Loire 2012-2013"]
[Site "Loire"]
[Date "2012.10.20"]
[Round "1.19"]
[White "Bruyere, Jean Baptiste"]
[Black "Bacyk, Bruno"]
[Result "0-1"]
[WhiteElo "1199"]
[BlackElo "1499"]
[PlyCount "42"]

1. d4 e6 2. Nf3 b6 3. Nc3 Bb7 4. Bf4 Nf6 5. e3 Bb4 6. g3 Ne4 7. a3 Nxc3 8. bxc3
Bxc3+ 9. Nd2 Bxa1 10. Qxa1 Bxh1 11. e4 d5 12. exd5 Bxd5 13. Bc4 Bxc4 14. Nxc4
O-O 15. Bd2 Nc6 16. Bb4 Re8 17. Qc3 a5 18. d5 exd5+ 19. Ne3 Qd7 20. Qxg7+ Kxg7
21. Bc3+ f6 0-1

[Event "Open de la Loire 2012-2013"]
[Site "Loire"]
[Date "2012.10.20"]
[Round "1.20"]
[White "Fournier, Gerald"]
[Black "Poyet, Louis"]
[Result "1-0"]
[WhiteElo "1499"]
[BlackElo "1140"]
[PlyCount "149"]

1. e4 e5 2. Nf3 Nc6 3. Bb5 d6 4. c3 a6 5. Ba4 Nf6 6. Qe2 Bg4 7. h3 Bxf3 8. Qxf3
g6 9. d4 Bg7 10. d5 b5 11. Bxb5 axb5 12. dxc6 O-O 13. Bg5 Ra6 14. Na3 Rb6 15.
O-O b4 16. cxb4 Rxb4 17. b3 Qe7 18. Nc2 Rb6 19. Qc3 h6 20. Bxf6 Qxf6 21. b4 Ra8
22. Ne3 Rba6 23. a3 Qf4 24. Nd5 Qxe4 25. Nxc7 Rb6 26. Nxa8 Rxc6 27. Qe3 Qf5 28.
Qf3 Qxf3 29. gxf3 e4 30. fxe4 Bxa1 31. Rxa1 Kg7 32. b5 Rc8 33. Nb6 Rb8 34. Nd5
Rxb5 35. a4 Ra5 36. f3 g5 37. Kf2 Kg6 38. Ne7+ Kf6 39. Nc6 Ra6 40. Nd4 Ke5 41.
Nf5 d5 42. Ng3 f6 43. exd5 Kxd5 44. Ne2 Kc4 45. a5 Kb5 46. Nc3+ Kb4 47. Nd5+
Kb5 48. Kg3 Kc5 49. Rd1 Rd6 50. a6 Rxa6 51. Ne3 Ra4 52. Rd5+ Kc6 53. Rf5 Kd7
54. Rxf6 Ra3 55. Ng2 Ke7 56. Rxh6 Kf7 57. h4 Ra5 58. Rh5 Kg6 59. Rxg5+ Rxg5+
60. hxg5 Kxg5 61. f4+ Kf5 62. Nh4+ Kf6 63. Kg4 Ke6 64. Kg5 Kf7 65. Kh6 Kf6 66.
f5 Kf7 67. Kh7 Kf6 68. Kg8 Kg5 69. Kf7 Kh6 70. f6 Kh7 71. Nf5 Kh8 72. Ke7 Kg8
73. f7+ Kh8 74. f8=Q+ Kh7 75. Qg7# 1-0

[Event "Open de la Loire 2012-2013"]
[Site "Loire"]
[Date "2012.10.20"]
[Round "1.21"]
[White "Sabatier, Baptiste"]
[Black "Guichard, Thomas"]
[Result "0-1"]
[WhiteElo "1010"]
[BlackElo "1499"]
[PlyCount "46"]

1. e4 e5 2. Nf3 Nc6 3. Bc4 h6 4. d4 exd4 5. Nxd4 Bc5 6. Qf3 Qf6 7. Bf4 Nxd4 8.
Qd3 Qxf4 9. g3 Qc1+ 10. Qd1 Qxb2 11. Nd2 Nxc2+ 12. Ke2 Nxa1 13. Qb3 Nxb3 14.
axb3 d6 15. Rb1 Qd4 16. Nf3 Qxf2+ 17. Kd1 Qxf3+ 18. Kc2 Qxe4+ 19. Kc3 Qxb1 20.
Bb5+ Bd7 21. Kc4 Bxb5+ 22. Kxb5 Qxb3+ 23. Ka5 Qb4# 0-1

[Event "Open de la Loire 2012-2013"]
[Site "Loire"]
[Date "2012.10.20"]
[Round "2.1"]
[White "Buisson, Sebastien"]
[Black "Rasle, Corentin"]
[Result "1-0"]
[WhiteElo "1530"]
[BlackElo "1660"]
[PlyCount "83"]
[EventDate "2012.??.??"]

1. e4 e6 2. d3 d5 3. Nd2 Nf6 4. Ngf3 c5 5. g3 Nc6 6. Bg2 Be7 7. O-O O-O 8. e5
Nd7 9. Re1 Qc7 10. Qe2 b6 11. Nf1 Bb7 12. Bf4 Rab8 13. h4 d4 14. N1h2 Nb4 15.
Ng4 Rfe8 16. h5 g6 17. hxg6 fxg6 18. Nf6+ Nxf6 19. exf6 Bd6 20. Bxd6 Qxd6 21.
Ne5 Kf8 22. Qd2 Re7 23. fxe7+ Qxe7 24. Nxg6+ hxg6 25. Qf4+ Kg7 26. Qxb8 Bxg2
27. Kxg2 Nxc2 28. Qe5+ Kf7 29. Rh1 Qb7+ 30. Kg1 Qxh1+ 31. Kxh1 Nxa1 32. Qe2 c4
33. dxc4 b5 34. c5 d3 35. Qxd3 b4 36. c6 b3 37. axb3 Nxb3 38. Qxb3 Ke7 39. Qb7+
Kd6 40. c7 a5 41. c8=Q a4 42. Qcc7# 1-0

[Event "Open de la Loire 2012-2013"]
[Site "Loire"]
[Date "2012.10.20"]
[Round "2.2"]
[White "Minchilli, Franco"]
[Black "Peyssonneaux, Norbert"]
[Result "0-1"]
[WhiteElo "1650"]
[BlackElo "1530"]
[PlyCount "23"]
[EventDate "2012.??.??"]

1. e4 e5 2. Nf3 Nc6 3. c3 a6 4. d4 exd4 5. cxd4 d6 6. Be2 Bg4 7. O-O Nf6 8. Nc3
h6 9. Qb3 Bxf3 10. Bxf3 Nxd4 11. Qd1 Nxf3+ 12. Qxf3 0-1

[Event "Open de la Loire 2012-2013"]
[Site "Loire"]
[Date "2012.10.20"]
[Round "2.3"]
[White "Bacyk, Bruno"]
[Black "Mazet, Christian"]
[Result "1/2-1/2"]
[WhiteElo "1499"]
[BlackElo "1639"]
[PlyCount "45"]
[EventDate "2012.??.??"]

1. e4 c5 2. Nf3 Nc6 3. Nc3 d6 4. Bb5 g6 5. d4 cxd4 6. Qxd4 Nf6 7. e5 dxe5 8.
Qxd8+ Kxd8 9. Bxc6 bxc6 10. Nxe5 Ke8 11. O-O Bb7 12. Na4 e6 13. Bg5 Ne4 14. Be3
f6 15. Nd3 Kf7 16. f3 Nd6 17. Nac5 Be7 18. Bf2 Rhe8 19. Rad1 Bc8 20. Bg3 e5 21.
Rfe1 Bf5 22. Ne4 Be6 23. Nec5 1/2-1/2

[Event "Open de la Loire 2012-2013"]
[Site "Loire"]
[Date "2012.10.20"]
[Round "2.4"]
[White "Rasle, Jean-Michel"]
[Black "Fournier, Gerald"]
[Result "1-0"]
[WhiteElo "1620"]
[BlackElo "1499"]
[PlyCount "89"]
[EventDate "2012.??.??"]

1. d4 d5 2. c4 e6 3. Nc3 Nf6 4. Bg5 Nbd7 5. Qc2 c6 6. Nf3 Be7 7. e3 h6 8. Bh4
O-O 9. Bd3 dxc4 10. Bxc4 Nb6 11. Bb3 Nfd5 12. Bxe7 Qxe7 13. O-O a5 14. a3 Nxc3
15. bxc3 Nd5 16. Ba2 a4 17. e4 Nf6 18. e5 Nd5 19. h4 f5 20. g3 Bd7 21. Nd2 Be8
22. Nc4 Rd8 23. Nd6 Rxd6 24. exd6 Qxd6 25. Bxd5 exd5 26. Qxa4 c5 27. dxc5 Qxc5
28. Qd4 Qc6 29. Rfe1 Kh8 30. Rab1 Bg6 31. Rb6 Re8 32. Rxe8+ Qxe8 33. Rxb7 Bf7
34. a4 Kh7 35. a5 Qe6 36. Rb6 Qe1+ 37. Kg2 Qe2 38. a6 Bh5 39. Qe3 Qa2 40. Qd3
Bg6 41. Qd4 f4 42. Rb7 Be4+ 43. Kh3 Bf5+ 44. g4 Bxg4+ 45. Kh2 1-0

[Event "Open de la Loire 2012-2013"]
[Site "Loire"]
[Date "2012.10.20"]
[Round "2.5"]
[White "Guichard, Thomas"]
[Black "Philip, Sylvain"]
[Result "1-0"]
[WhiteElo "1499"]
[BlackElo "1599"]
[PlyCount "73"]
[EventDate "2012.??.??"]

1. e4 e6 2. d4 d5 3. e5 c5 4. c3 Nc6 5. Nf3 Qb6 6. Bd3 Bd7 7. O-O cxd4 8. cxd4
Nxd4 9. Be3 Nxf3+ 10. Qxf3 d4 11. Bc1 Ne7 12. Be4 Bc6 13. Rd1 Ng6 14. Qd3 Nxe5
15. Qxd4 Qxd4 16. Rxd4 Bc5 17. Bxc6+ Nxc6 18. Rg4 O-O-O 19. Nc3 g6 20. Bg5 Rd3
21. Rc1 Kb8 22. Rc4 Bd4 23. Na4 f6 24. Be3 Bxe3 25. fxe3 Rxe3 26. Nc5 Rd8 27.
a4 a5 28. R4c3 Re2 29. Rb3 Nb4 30. h3 Rdd2 31. Rg3 b6 32. Nb3 Rxb2 33. Nd4 Re4
34. Rgc3 Rxd4 35. Rc8+ Ka7 36. R1c7+ Ka6 37. Ra8# 1-0

[Event "Open de la Loire 2012-2013"]
[Site "Loire"]
[Date "2012.10.20"]
[Round "2.6"]
[White "Pradel, Philippe"]
[Black "Megnot, Philippe"]
[Result "0-1"]
[WhiteElo "1590"]
[BlackElo "1480"]
[PlyCount "62"]
[EventDate "2012.??.??"]

1. d4 Nf6 2. Bg5 g6 3. Nf3 Bg7 4. e3 c6 5. Nbd2 d6 6. c3 Nbd7 7. Qc2 O-O 8. Be2
Re8 9. O-O e5 10. dxe5 dxe5 11. e4 Qc7 12. a4 Nf8 13. Nc4 Nh5 14. Rad1 Ne6 15.
Nd6 Rf8 16. Bc4 h6 17. Be7 Qxe7 18. Qb3 g5 19. Nf5 Qc7 20. Nxg7 Kxg7 21. Rd2
Nc5 22. Qc2 Bg4 23. Rfd1 Nf4 24. b4 Nxa4 25. Qxa4 b5 26. Bxb5 cxb5 27. Qb3 Be6
28. Qc2 Rad8 29. g3 Rxd2 30. Rxd2 Ng6 31. Qd1 Qxc3 0-1

[Event "Open de la Loire 2012-2013"]
[Site "Loire"]
[Date "2012.10.20"]
[Round "2.7"]
[White "Boeuf, Jean-Julien"]
[Black "Campoy, Juan"]
[Result "0-1"]
[WhiteElo "1560"]
[BlackElo "1430"]
[PlyCount "70"]
[EventDate "2012.??.??"]

1. Nf3 Nc6 2. c4 e6 3. g3 Nf6 4. Bg2 d5 5. b3 Be7 6. Bb2 O-O 7. O-O Bd7 8. d3
Bc5 9. Nbd2 d4 10. a3 a5 11. Ne4 Nxe4 12. dxe4 e5 13. Ne1 Ne7 14. Nd3 Bb6 15.
Nxe5 Bc6 16. Rc1 Qd6 17. Nd3 Qg6 18. Ne5 Qd6 19. f4 d3+ 20. Kh1 dxe2 21. Qxe2
Ng6 22. Nxc6 bxc6 23. Rfd1 Qe7 24. e5 Rad8 25. Bxc6 Rxd1+ 26. Rxd1 Rd8 27. Rd3
Nf8 28. Qd2 Qc5 29. Kg2 Qg1+ 30. Kf3 Qf1+ 31. Ke4 Rxd3 32. Qc2 Re3+ 33. Kf5
Qh3+ 34. g4 Qh6 35. g5 Qe6# 0-1

[Event "Open de la Loire 2012-2013"]
[Site "Loire"]
[Date "2012.10.20"]
[Round "2.8"]
[White "Brachet, Gerard"]
[Black "Fauvin, David"]
[Result "1/2-1/2"]
[WhiteElo "1350"]
[BlackElo "1540"]
[PlyCount "84"]
[EventDate "2012.??.??"]

1. d4 Nf6 2. c4 g6 3. Nf3 Bg7 4. Nc3 d6 5. e4 O-O 6. Be2 a6 7. b4 Nc6 8. a3 e5
9. d5 Ne7 10. Be3 c6 11. Qd2 cxd5 12. exd5 Bf5 13. Bh6 Re8 14. Bxg7 Kxg7 15.
Nh4 Qd7 16. h3 Rac8 17. Qe3 Qc7 18. Rc1 Bd7 19. O-O Nf5 20. Nxf5+ Bxf5 21. g4
Bd7 22. Ne4 Nxe4 23. Qxe4 Qd8 24. Qg2 Ba4 25. f3 Rc7 26. Rc3 Rce7 27. Bd3 Qd7
28. h4 b5 29. c5 dxc5 30. Rxc5 Bb3 31. Be4 Qa7 32. Kh2 Rd8 33. f4 Bc4 34. Rf2
exf4 35. Rxf4 Qb8 36. Qg3 Qe5 37. Qf2 Rd6 38. Kh3 Red7 39. h5 g5 40. Rf5 Qe7
41. Qe3 h6 42. Qd4+ f6 1/2-1/2

[Event "Open de la Loire 2012-2013"]
[Site "Loire"]
[Date "2012.10.20"]
[Round "2.9"]
[White "Bastien, Daniel"]
[Black "Rogues, Jean-Luc"]
[Result "1-0"]
[WhiteElo "1690"]
[BlackElo "1400"]
[PlyCount "59"]
[EventDate "2012.??.??"]

1. c4 e5 2. Nc3 Nf6 3. Nf3 e4 4. Ng5 d5 5. cxd5 Nxd5 6. Ngxe4 Bf5 7. a3 Nc6 8.
g3 Be7 9. Bg2 O-O 10. Nxd5 Bxe4 11. Bxe4 Re8 12. Bg2 Rb8 13. Nxe7+ Nxe7 14. O-O
Nf5 15. e3 g6 16. b3 h5 17. Bb2 Qg5 18. Qf3 h4 19. Rac1 c6 20. Rc5 Qe7 21. Re5
Qd7 22. Rxe8+ Rxe8 23. e4 Nd4 24. Bxd4 Qxd4 25. Qc3 Qd8 26. d4 Qe7 27. b4 Rd8
28. d5 cxd5 29. exd5 hxg3 30. fxg3 1-0

[Event "Open de la Loire 2012-2013"]
[Site "Loire"]
[Date "2012.10.20"]
[Round "2.11"]
[White "Barrandon, Georges"]
[Black "Liogier, Pascal"]
[Result "1/2-1/2"]
[WhiteElo "1400"]
[BlackElo "1630"]
[PlyCount "114"]
[EventDate "2012.??.??"]

1. e4 e5 2. Nf3 Nc6 3. Bc4 Nf6 4. Nc3 Nxe4 5. Nxe4 d5 6. Bxd5 Qxd5 7. d3 f6 8.
O-O Bg4 9. c3 Bc5 10. Be3 Bb6 11. Bxb6 axb6 12. b3 O-O 13. Qe2 Rfd8 14. Rfd1
Qf7 15. Qe3 Qh5 16. Ng3 Qe8 17. Rd2 Bxf3 18. Qxf3 Rd7 19. Rad1 Rad8 20. Nf5 e4
21. Qe3 Rxd3 22. Rxd3 exd3 23. Qxe8+ Rxe8 24. Ne3 Rd8 25. f3 g5 26. Kf1 Ne5 27.
Ke1 b5 28. Kd2 Ra8 29. Ra1 c6 30. Ng4 Nxg4 31. fxg4 Rd8 32. a4 bxa4 33. Rxa4 b5
34. Re4 Kf7 35. Re3 c5 36. Rxd3 Rxd3+ 37. Kxd3 Ke6 38. Ke4 Kd6 39. Kf5 Ke7 40.
g3 Kf7 41. Ke4 Ke6 42. h3 Kd6 43. Kf5 Kd5 44. Kxf6 Ke4 45. Kxg5 Kd3 46. Kh6
Kxc3 47. Kxh7 Kxb3 48. g5 c4 49. g6 c3 50. g7 c2 51. g8=Q+ Kb2 52. Qg7+ Kb3 53.
Qf7+ Kc3 54. Qe7 b4 55. Qe5+ Kb3 56. Qe3+ Kb2 57. Qd4+ Kb3 1/2-1/2